Statistieken voor Denemarken Trivia Quiz

Klik hier om de quiz te nemen!

Algemene statistieken

  • Deze quiz is 670 keer genomen
  • De gemiddelde score is 12 van 23

Antwoordstatistieken

HintAntwoord% Correct
Officiële taalDeens
98%
HoofdstadKopenhagen
96%
Aangrenzend landDuitsland
90%
Kleurrijke plastic bouwstenenLego
84%
ValutaDeense Kroon
82%
s' Werelds grootste eilandGroenland
82%
Zeeën die aan Denemarken grenzenNoordzee
81%
Standbeeld in de haven van de hoofdstadDe Kleine {Zeemeermin}
70%
Zeeën die aan Denemarken grenzenOostzee
68%
Naam voor het land in die taalDanmark
52%
SprookjesschrijverHans Christian Andersen
51%
Shakespeare-toneelstuk dat zich afspeelt in DenemarkenHamlet
45%
Belangrijkste schiereilandJutland
41%
Op één na grootste stadAarhus
40%
Meest populaire Deense biermerk wereldwijdCarlsberg
38%
Noord-Atlantische eilandengroepFaeröer
37%
Pretpark geopend in 1843{Tivoli} Gardens
33%
Meest bevolkte eilandSeeland
24%
Grootste christelijke takLutheranisme
23%
Huidige monarchMargrethe II
22%
Ontdekkingsreiziger en naamgever van een zeestraatVitus Bering
21%
"Autonome" hippiebuurt van de hoofdstadChristiania
19%
Existentiële filosoofSøren Kierkegaard
18%

Scoreverdeling

Percentiel versus Aantal Correcte Antwoorden

Procent van Mensen met Elke Score

Uw Scoregeschiedenis

U heeft deze quiz nog niet genomen